|
|
|
|
| LEADER |
01678nam a2200421Ia 4500 |
| 001 |
EBC459604 |
| 003 |
MiAaPQ |
| 005 |
20200520144314.0 |
| 006 |
m o d | |
| 007 |
cr cn||||||||| |
| 008 |
061011s2006 dcu sb 001 0 eng d |
| 010 |
|
|
|z 2006033477
|
| 020 |
|
|
|z 9780821368800 (normal)
|
| 020 |
|
|
|a 9780821368817 (electronic bk.)
|
| 035 |
|
|
|a (MiAaPQ)EBC459604
|
| 035 |
|
|
|a (Au-PeEL)EBL459604
|
| 035 |
|
|
|a (CaPaEBR)ebr10167867
|
| 035 |
|
|
|a (CaONFJC)MIL76581
|
| 035 |
|
|
|a (OCoLC)137260596
|
| 040 |
|
|
|a MiAaPQ
|c MiAaPQ
|d MiAaPQ
|
| 050 |
|
4 |
|a HD9483.A4312
|b P76 2006
|
| 082 |
0 |
4 |
|a 338.1/8
|2 22
|
| 245 |
0 |
0 |
|a Promoting increased fertilizer use in Africa
|h [electronic resource] :
|b lessons learned and good practice guidelines /
|c [editors] Michael L. Morris, Valerie A. Kelly, Ron J. Kopicki.
|
| 260 |
|
|
|a Washington, D.C. :
|b World Bank Africa Region,
|c 2006.
|
| 300 |
|
|
|a xiv, 144 p.
|
| 490 |
1 |
|
|a Africa Fertilizer Strategy Assessment ESW technical report
|
| 504 |
|
|
|a Includes bibliographical references and index.
|
| 533 |
|
|
|a Electronic reproduction. Ann Arbor, MI : ProQuest, 2015. Available via World Wide Web. Access may be limited to ProQuest affiliated libraries.
|
| 650 |
|
0 |
|a Fertilizer industry
|z Africa.
|
| 650 |
|
0 |
|a Fertilizers
|z Africa.
|
| 650 |
|
0 |
|a Agriculture and state
|z Africa.
|
| 655 |
|
4 |
|a Electronic books.
|
| 700 |
1 |
|
|a Morris, Michael L.
|
| 700 |
1 |
|
|a Kelly, Valerie Auserehl.
|
| 700 |
1 |
|
|a Kopicki, Ron J.
|
| 710 |
2 |
|
|a ProQuest (Firm)
|
| 830 |
|
0 |
|a Africa Fertilizer Strategy Assessment ESW technical report.
|
| 856 |
4 |
0 |
|u https://ebookcentral.proquest.com/lib/matrademy/detail.action?docID=459604
|z Click to View
|